000 00338nam a22001457a 4500
003 OSt
008 250529b |||||||| |||| 00| 0 eng d
100 _aSARASWATI, Meharsee Dayanand
245 _aSatyarth Prakash
250 _a1st
260 _aNew Delhi
_bArya Prakashan
_c2011
300 _a588
650 _aGeneral
942 _2ddc
_cBK
999 _c13608
_d13608